| 000 | 00349nam a22001457a 4500 | ||
|---|---|---|---|
| 020 | _a0-7619-9491-2 | ||
| 082 |
_a153.69 _bLEW/B |
||
| 100 | _aLEWIS, HEDWIG | ||
| 245 |
_aBODY LANGUAGE _bA GUIDE FOR PROFESSIONALS |
||
| 250 | _aSECOND EDITION | ||
| 260 |
_aDELHI _bRESPONSE BOOKS _c2005 |
||
| 300 | _a207 | ||
| 650 |
_aPSHCYCOLOGY _zINDIA |
||
| 942 | _cBK | ||
| 999 |
_c1773 _d1773 |
||